Diabetes mellitus

Guardat en:
Dades bibliogràfiques
Autor principal: Thomas G Skillman
Format: Llibre
Idioma:Undetermined
Publicat: Columbus Upjahn 1983
Matèries:
Etiquetes: Afegir etiqueta
Sense etiquetes, Sigues el primer a etiquetar aquest registre!
Thư viện lưu trữ: Trung tâm Học liệu Trường Đại học Cần Thơ
LEADER 00520nam a2200181Ia 4500
001 CTU_32247
008 210402s9999 xx 000 0 und d
082 |a 616.462 
082 |b D536 
100 |a Thomas G Skillman 
245 0 |a Diabetes mellitus 
245 0 |c Thomas G Skillman, Manuel Tzagournis 
260 |a Columbus 
260 |b Upjahn 
260 |c 1983 
650 |a diabetes,diabetes - complications 
904 |i Nguyễn Quang Điền, 990728 
980 |a Trung tâm Học liệu Trường Đại học Cần Thơ